000 00997njm a2200253 i 4500
001 4645
003 ES-MaACL
007 s|r|||||||||||
008 070803s1966 sp ||| g ||||||||1|nspa d
100 1 _aMonasterio, Fernanda.
_982107
245 1 0 _aProblemática de la juventud actual [
_hGrabación sonora] /
_cinterviene Fernanda Monasterio.
260 _aMadrid :
_bAteneo de Madrid,
_c1966.
300 _a2 discos (CD-DA) (1 h. 26 min. 28 seg.) ;
_c12 cm.
490 1 _aActos independientes
500 _aDatos basados en la invitación.
518 _aActo organizado por el Aula de Literatura del Ateneo de Madrid, grabado el viernes 25 de febrero de 1966.
610 2 4 _aAteneo de Madrid-
_xActos culturales-
_y1966-
_vGrabaciones sonoras.
_91880
710 2 _aAteneo de Madrid.
_bAula de Literatura.
_91943
830 0 _aActos independientes
_9177078
852 _aES-MaACL
_cROT
_jROT 3/2/9
_94762
852 _aES-MaACL
_cROT
_jROT 3/2/10
_9202977
942 _2udc
999 _c4645
_d4645